书目信息 |
| 题名: |
人工湿地植物配置与管理
|
|
| 作者: | 吴晓芙 , 陈永华 著 | |
| 分册: | ||
| 出版信息: | 北京 中国林业出版社 2012 |
|
| 页数: | 185页 | |
| 开本: | 24cm | |
| 丛书名: | ||
| 单 册: | ||
| 中图分类: | S31 , P941.78 | |
| 科图分类: | ||
| 主题词: | 人工湿地系统 , 植物 , 人工湿地系统--植物--配置 | |
| 电子资源: | ||
| ISBN: | 978-7-5038-6495-7 | |
| 000 | 01131nam0 2200277 450 | |
| 001 | 140775 | |
| 005 | 20140929134755.71 | |
| 010 | @a978-7-5038-6495-7@dCNY 68.00 | |
| 100 | @a20120608d2012 em y0chiy50 ea | |
| 101 | 0 | @achi |
| 102 | @aCN@b110000 | |
| 105 | @aa z 000yy | |
| 200 | 1 | @a人工湿地植物配置与管理@Aren gong shi di zhi wu pei zhi yu guan li@b专著@dPlant configuration and management in constructed wetlands@f陈永华,吴晓芙等著@zeng |
| 210 | @a北京@c中国林业出版社@d2012 | |
| 215 | @a185页@c彩照@d24cm | |
| 330 | @a本书共分为五章,第一章介绍了人工湿地技术与植物的研究进展;第二章提出了新的人工湿地植物分类方法与计量标准,列出了各种植物的应用方法;第三章系统地介绍了三大类型人工湿地植物的生长特性与工程应用,并附了大量方便读者识别的图片等。 | |
| 510 | 1 | @aPlant configuration and management in constructed wetlands@zeng |
| 606 | 0 | @a人工湿地系统 |
| 606 | 0 | @a植物 |
| 606 | 0 | @a人工湿地系统@x植物@x配置 |
| 690 | @aS31@v5 | |
| 690 | @aP941.78@v5 | |
| 701 | 0 | @c(苗)@a吴晓芙@Awu xiao fu@f(1953.9 )@4著 |
| 701 | 0 | @a陈永华@Achen yong hua@c(林业)@4著 |
| 801 | 0 | @c20140929 |
| 905 | @a241430@dP941.78@eC620 | |
| 人工湿地植物配置与管理=Plant configuration and management in constructed wetlands/陈永华,吴晓芙等著.-北京:中国林业出版社,2012 |
| 185页:彩照;24cm |
| ISBN 978-7-5038-6495-7:CNY 68.00 |
| 本书共分为五章,第一章介绍了人工湿地技术与植物的研究进展;第二章提出了新的人工湿地植物分类方法与计量标准,列出了各种植物的应用方法;第三章系统地介绍了三大类型人工湿地植物的生长特性与工程应用,并附了大量方便读者识别的图片等。 |
| ● |
| 相关链接 |
|
|
|
正题名:人工湿地植物配置与管理
索取号:P941.78/C620
 
预约/预借
| 序号 | 登录号 | 条形码 | 馆藏地/架位号 | 状态 | 备注 |
| 1 | 0836127 | 208361271 | 自科库401/401自科库 135排2列3层/ [索取号:P941.78/C620] | 在馆 | |
| 2 | 0836128 | 208361280 | 期刊室512/401自科库 132排1列4层/ [索取号:P941.78/C620] | 在馆 | |
| 3 | 0836129 | 208361299 | 期刊室512/401自科库 132排1列4层/ [索取号:P941.78/C620] | 在馆 |